000
00267nam a2200109Ia 4500
008
220204s9999 xx 000 0 und d
082
_a
0582000
_b
MAN
245
0
_a
Manorama yearbook 2001
250
_a
Ed.36
260
_a
Kottayam
_b
Malayala Manorama
_c
2001
942
_c
BK
999
_c
41803
_d
41803